Catalog

Record Details

Catalog Search



Available copies

  • 2 of 2 copies available at LARL/NWRL Consortium.
  • 2 of 2 copies available at Lake Agassiz Regional Library. (Show preferred library)

Current holds

0 current holds with 2 total copies.

Show Only Available Copies
Location Call Number / Copy Notes Barcode Shelving Location Status Due Date
Hawley Public Library AGU (Text) 33500014386650 New Available -
Mahnomen Public Library AGU (Text) 33500014386668 New Available -

Record details

  • ISBN: 9781324065876
  • ISBN: 1324065877
  • Physical Description: 220 pages ; 22 cm
  • Edition: First edition.
  • Publisher: New York, NY : W.W. Norton & Company, [2026]

Content descriptions

Summary, etc.:
"From the author of the National Book Award ... Read More
Subject: Pregnant women > Fiction.
Mother and child > Fiction.
Architectural firms > Fiction.
City planning > Fiction.
Young women > Fiction.
Drowning > Fiction.
Occultism > Fiction.
Supernatural > Fiction.
Lagos (Nigeria) > Fiction.
Africa > Folklore.
FICTION / Occult & Supernatural.
Architects > Fiction.
City planning > Fiction.
Young women > Fiction.
Pregnant women > Fiction.
Drowning > Fiction.
Genre: Paranormal fiction.
Domestic fiction.
Psychological fiction.
Novels.
LDR 04309cam a2200745 i 4500
001485318
003LARL_NWRL_CONSORTIUM
00520260601143718.0
008260114t20262026nyu e 000 1 eng
010 . ‡a 2025054800
040 . ‡aDLC ‡beng ‡erda ‡cDLC ‡dOCLCO ‡dTOH ‡dZGW ‡dRNL ‡dIUK ‡dOCLCO ‡dJNE ‡dYDX ‡dMWD ‡dCLE ‡dOCLCO
020 . ‡a9781324065876 ‡q(hardcover)
020 . ‡a1324065877 ‡q(hardcover)
035 . ‡a(OCoLC)1535851423
042 . ‡apcc
043 . ‡af-nr--- ‡af------
08200. ‡a823/.92 ‡223/eng/20260114
1001 . ‡aAguda, 'Pemi, ‡eauthor. ‡1http://id.loc.gov/vocabulary/relators/aut ‡1http://id.loc.gov/rwo/agents/no2023020289
24510. ‡aOne leg on earth / ‡c'Pemi Aguda.
2463 . ‡a1 leg on earth
250 . ‡aFirst edition.
264 1. ‡aNew York, NY : ‡bW.W. Norton & Company, ‡c[2026]
264 4. ‡c©2026
300 . ‡a220 pages ; ‡c22 cm
334 . ‡asingle unit ‡bmono ‡0http://id.loc.gov/vocabulary/issuance/mono
336 . ‡atext ‡btxt ‡2rdacontent ‡0http://id.loc.gov/vocabulary/contentTypes/txt
337 . ‡aunmediated ‡bn ‡2rdamedia ‡0http://id.loc.gov/vocabulary/mediaTypes/n
338 . ‡avolume ‡bnc ‡2rdacarrier ‡0http://id.loc.gov/vocabulary/carriers/nc
520 . ‡a"From the author of the National Book Award finalist Ghostroots, a debut novel that thrills with its eerie mix of folklore and history. Something is haunting the pregnant women of Lagos. Across the city, they are walking into water ... and drowning. Twenty-three-year-old Yosoye arrives in Lagos ready to start her life. Working for a slick architectural firm, she finds a city of adventure and opportunity. Her new world is one of fancy gallery openings, glamorous friends, and all the shiny potential of the future, encapsulated in projects like Omi City, the ultra-luxury development her company is building, a symbol of the dawn of a brighter Lagos. But Yosoye's idyllic vision of Lagos soon begins to seem naive, and its darker, stranger layers trouble her. Something is not right about Omi City, and as construction speeds ahead, stories of strange deaths in the city's open waters reach a fever pitch. And then, after a chance encounter, Yosoye discovers she is pregnant ... a revelation which puts her on a collision course with an inexlicable force that is as seductive as it is deadly. A masterwork by a writer hailed as 'an astonishing talent' (Lauren Groff), One Leg on Earth is an ambitious novel like no other: an uncanny exploration of motherhood and a chilling vision of the dark side of progress."--Book jacket flap.
650 0. ‡aPregnant women ‡vFiction. ‡0(LARL_NWRL_CONSORTIUM)166577
650 0. ‡aMother and child ‡vFiction. ‡0(LARL_NWRL_CONSORTIUM)166125
650 0. ‡aArchitectural firms ‡vFiction.
650 0. ‡aCity planning ‡vFiction.
650 0. ‡aYoung women ‡vFiction. ‡0(LARL_NWRL_CONSORTIUM)168213
650 0. ‡aDrowning ‡vFiction.
650 0. ‡aOccultism ‡vFiction. ‡0(LARL_NWRL_CONSORTIUM)176290
650 0. ‡aSupernatural ‡vFiction. ‡0(LARL_NWRL_CONSORTIUM)167353
651 0. ‡aLagos (Nigeria) ‡vFiction.
651 0. ‡aAfrica ‡vFolklore.
650 7. ‡aFICTION / Occult & Supernatural. ‡2bisacsh
650 7. ‡aArchitects ‡vFiction. ‡2sears ‡0(LARL_NWRL_CONSORTIUM)163279
650 7. ‡aCity planning ‡vFiction. ‡2sears
650 7. ‡aYoung women ‡vFiction. ‡2sears ‡0(LARL_NWRL_CONSORTIUM)168213
650 7. ‡aPregnant women ‡vFiction. ‡2sears ‡0(LARL_NWRL_CONSORTIUM)166577
650 7. ‡aDrowning ‡vFiction. ‡2sears
655 7. ‡aParanormal fiction. ‡2lcgft
655 7. ‡aDomestic fiction. ‡2lcgft
655 7. ‡aPsychological fiction. ‡2lcgft
655 7. ‡aNovels. ‡2lcgft
758 . ‡1http://id.loc.gov/resources/instances/in00024410789
758 . ‡4http://id.loc.gov/ontologies/bibframe/instanceOf ‡1http://id.loc.gov/resources/works/in00024410789
884 . ‡aDLC bibframe2marc v3.1-dev ‡g20260114 ‡qDLC ‡uhttps://github.com/lcnetdev/bibframe2marc/tree/v3.1-dev
901 . ‡a485318 ‡bOCoLC ‡c485318 ‡tbiblio ‡soclc

Additional Resources